000 00309nam a22001217a 4500
008 180605b xxu||||| |||| 00| 0 eng d
041 _aeng
080 _a043.3
100 _a0
101 _aSHKI-BTH
245 _aPërmbledhje e teknologjive për mbrojtjen e privatësisë online
_cTahiri,D
942 _2udc
_cBK
999 _c46302
_d46302